| 000 -ლიდერი |
| ფიქსირებული სიგრძის საკონტროლო ველი |
01296nam a22002297a 4500 |
| 003 - საკონტროლო ნომრის იდენტიფიკატორი |
| საკონტროლო ველი |
Ge_BSU |
| 005 - ბოლო ოპერაციის თარიღი და დრო |
| საკონტროლო ველი |
20200521123631.0 |
| 008 - ფიქსირებული სიგრძის მონაცემთა ელემენტები - ზოგადი ინფორმაცია |
| ფიქსირებული სიგრძის საკონტროლო ველი |
200521s2018 xxu||||| |||| 00| 0 geo d |
| 020 ## - წიგნის საერთაშორისო სტანდარტული ნომერი |
| International Standard Book Number |
9789941956751 |
| 041 ## - ენის კოდი |
| Language code of text/sound track or separate title |
geo |
| 080 ## - უნივერსალური ათობითი კლასიფიკაციის ინდექსი |
| Universal Decimal Classification number |
347.962(479.22) მ-30 |
| 245 ## - ცნობა სათაურის შესახებ |
| Title |
მართლმსაჯულების ხელმისაწვდომობის ევროპული სამართლის სახელმძღვანელო / |
| Statement of responsibility, etc |
მთარგმნელი ლაშა ლურსმანაშვილი ; სამეცნიერო რედ. კახაბერ გოშაძე. |
| 264 ## - წარმოების, გამოცემის, დისტრიბუციის და სხვა ცნობები |
| გამოცემის, წარმოების, დისტრიბუციის... ადგილი |
თბილისი, |
| გამოცემის, წარმოების, დისტრიბუციის... თარიღი |
2018. |
| 300 ## - ფიზიკური აღწერა |
| Extent |
290 გვ. ; |
| Dimensions |
20 სმ. |
| 504 ## - BIBLIOGRAPHY, ETC. NOTE |
| Bibliography, etc |
ბიბლიოგრაფია: გვ. 269-281 |
| 653 ## - INDEX TERM--UNCONTROLLED |
| Uncontrolled term |
მართლმსაჯულება საქართველოში |
| 653 ## - INDEX TERM--UNCONTROLLED |
| Uncontrolled term |
სამართალი |
| 700 ## - ADDED ENTRY--PERSONAL NAME |
| Personal name |
ლურსმანაშვილი, ლაშა |
| Relator term |
მთარგმნელი |
| 9 (RLIN) |
8138 |
| 700 ## - ADDED ENTRY--PERSONAL NAME |
| Personal name |
გოშაძე, კახაბერ |
| Relator term |
რედაქტორი |
| 9 (RLIN) |
8139 |
| 856 ## - ELECTRONIC LOCATION AND ACCESS |
| Uniform Resource Identifier |
http://lawlibrary.info/ge/books/2018giz-ge-access_to_justice.pdf |
| Link text |
ელექტრონული ვერსია |
| 942 ## - ADDED ENTRY ELEMENTS (KOHA) |
| Source of classification or shelving scheme |
|
| Koha item type |
წიგნი |